000 00719nam a22002417a 4500
003 UA-OsUOA
001 53054
007 ta
008 20080313b un ||||| |||| 00| 0 ukr d
100 _aКілічава Т. М.
090 _a347.90(075.8)
_bК46
942 _cBK
040 _aUA-OsUOA
_bukr
_cUA-OsUOA
_dUA-OsUOA
245 _aЦивільне процесуальне право
_bНавчальний посібник
300 _a352 с.
955 _a2
041 _aukr
080 _a347.90(075.8)
020 _a966-364
260 _aК.
_bЦентр навчальної літератури
_c2007
650 7 _a347 Цивільне право. Судовий устрій
_2UDC
999 _c339142
_d339142